• 首页
  • 本馆介绍
  • 公告通知
  • 最新文献
  • 馆藏检索
  • 电子资源
  • 读者导购
  • 参考咨询
  • 我的图书馆
  • 登录
  • 详细信息显示
  • 放入我的书架
  • 预约/预借图书
  • 作者相关作品
  • 分类相关作品
  • 丛书相关作品
  • 出版社相关作品

书目信息

  • 表格格式
  • 工作单格式
  • 卡片格式
题名:
千字议论文选
    
 
作者: 冯起德 , 陈刚 编
分册:  
出版信息: 上海   上海教育出版社  1983
页数: 186页
开本: 19cm
丛书名:
单 册:
中图分类: H193.6
科图分类:
主题词: 汉语--写作--语言教学
电子资源:
ISBN:
000 00654nam0 2200241 45
001 0183011259
005 20050413114101.5
010    @dCNY0.44
091    @a7150.2943
100    @a19950530d1983 em y0chiy0121 ea
101 0  @achi
102    @aCN@b310000
105    @ay z 000yy
200 10 @a千字议论文选@Aqian zi yi lun wen xuan@f冯起德,陈刚编@FFeng Qi De,Chen Gang Bian
210    @a上海@c上海教育出版社@d1983
215    @a186页@d19cm
606 0  @a汉语@x写作@x语言教学
690    @aH193.6@v3
701  0 @a冯起德@4编
701  0 @a陈刚@4编
801  0 @aCN@b上海图书馆@c20050412
801  2 @aCN@bNLC@c20050412
905    @dH193.6@e100@f1@b165738
    
    千字议论文选/冯起德,陈刚编.-上海:上海教育出版社,1983
    186页;19cm
    
    
    ISBN :CNY0.44
    
●
相关链接 在E读中查询图书 在五车中查询图书 在当当中查询图书 在豆瓣中查询图书


正题名:千字议论文选     索取号:H193.6/100         预约/预借

序号 登录号 条形码 馆藏地/架位号 状态 备注
1 0165738   002004182   第四借阅区/ [索取号:H193.6/100] 在馆    
2 0165739   001369619   第二样本阅览室/ [索取号:H193.6/100] 在馆    
唐山师范学院图书馆 欢迎您!
大连网信软件有限公司© 版权所有